000 00697nam a2200205 a 4500
001 000033409
005 20240412074257.0
008 110826s1967 dr r 000 p spa d
040 _aDO-SdBNP
_bspa
_cBNPHU
082 _aRD861.44
_bB844t
100 1 _aBretón, José
_945554
245 1 0 _aTrece poemas de hambre y una oda de esperanza /
_cJosé Bretón.
246 1 3 _a13 poemas de hambre y una oda de esperanza
260 _aSantiago de los Caballeros, República Dominicana :
_bArte y Letra,
_c1967.
300 _a38 p. ;
_c22 cm.
590 _aInventariado, 2018/LP
650 0 _aPoesía dominicana
_966
650 0 _aLiteratura dominicana.
_967
910 _aValidado. Control de calidad. EMS
999 _c32900
_d32900